[Event "Polanica Zdroj op-C 58th"]
[Site "Polanica Zdroj"]
[Date "2022.08.18"]
[Round "6"]
[White "Zowada, Kazimierz"]
[Black "Wziatek, Marek"]
[Result "1-0"]
[WhiteElo "2041"]
[BlackElo "1617"]
[PlyCount "45"]
[EventDate "2022.08.13"]
[EventType "swiss"]
[EventRounds "9"]
[EventCountry "POL"]
[SourceTitle "CBM 210 Extra"]
[Source "ChessBase"]
[SourceDate "2022.11.30"]
[SourceVersion "1"]
[SourceVersionDate "2022.11.30"]
[SourceQuality "1"]

1. d4 Nf6 2. Nf3 c5 3. d5 d6 4. Nc3 g6 5. e4 Bg7 6. h3 0-0 7. Bf4 b6 8. Qd2 Re8 9. Bb5 Bd7 10. Be2 b5 11. e5 b4 12. Nd1 Ne4 13. Qe3 dxe5 14. Bxe5 Bxe5 15. Nxe5 f5 16. Bf3 Qc7 17. Qf4 g5 18. Qh2 e6 19. Bxe4 fxe4 20. d6 Qxd6 21. Ne3 Bb5 22. Rd1 Qe7 23. h4 1-0

[Event "Polanica Zdroj op-D 58th"]
[Site "Polanica Zdroj"]
[Date "2022.08.17"]
[Round "5"]
[White "Wziatek, Marek"]
[Black "Suszczynski, Dominik"]
[Result "0-1"]
[WhiteElo "1617"]
[BlackElo "1329"]
[PlyCount "76"]
[EventDate "2022.08.13"]
[EventType "swiss"]
[EventRounds "9"]
[EventCountry "POL"]
[SourceTitle "CBM 210 Extra"]
[Source "ChessBase"]
[SourceDate "2022.11.30"]
[SourceVersion "1"]
[SourceVersionDate "2022.11.30"]
[SourceQuality "1"]

1. c4 f5 2. Nc3 Nf6 3. g3 g6 4. Bg2 Bg7 5. d4 0-0 6. Nf3 d6 7. 0-0 Qe8 8. Nd5 Nxd5 9. cxd5 c6 10. Qb3 Kh8 11. Bf4 cxd5 12. Qxd5 Nc6 13. Be3 Bd7 14. Rfd1 Rd8 15. Rd2 e5 16. Bg5 Be6 17. Qb5 Ne7 18. Qxb7 Rd7 19. Qa6 e4 20. Bxe7 Qxe7 21. e3 exf3 22. Bxf3 d5 23. Rc1 Rd6 24. Qa3 Rfd8 25. Rdc2 R6d7 26. Qa5 f4 27. gxf4 Bf5 28. Rc7 Rxc7 29. Rxc7 Qd6 30. Qxa7 Rg8 31. a3 Be4 32. Rd7 Qe6 33. Re7 Qh3 34. Bxe4 dxe4 35. Rxg7 Qg4+ 36. Kf1 Qd1+ 37. Kg2 Qf3+ 38. Kf1 Qd1+ 0-1

[Event "Polanica Zdroj op-C 58th"]
[Site "Polanica Zdroj"]
[Date "2022.08.14"]
[Round "2"]
[White "Wziatek, Marek"]
[Black "Gromczak, Dariusz"]
[Result "0-1"]
[WhiteElo "1617"]
[BlackElo "1906"]
[PlyCount "41"]
[EventDate "2022.08.13"]
[EventType "swiss"]
[EventRounds "9"]
[EventCountry "POL"]
[SourceTitle "CBM 210 Extra"]
[Source "ChessBase"]
[SourceDate "2022.11.30"]
[SourceVersion "1"]
[SourceVersionDate "2022.11.30"]
[SourceQuality "1"]

1. c4 g6 2. Nc3 Bg7 3. Nf3 e6 4. d4 Ne7 5. e4 d5 6. Bg5 h6 7. Bh4 0-0 8. Be2 g5 9. Bg3 dxe4 10. Nxe4 f5 11. Nexg5 hxg5 12. Be5 Bxe5 13. Nxe5 Nbc6 14. Qc1 Nxe5 15. dxe5 Ng6 16. Qc3 c5 17. Rd1 Qc7 18. Rd6 Qg7 19. Bh5 Qxe5+ 20. Qxe5 Nxe5 21. b3 0-1

[Event "Rubinstein Memorial op-C 57th"]
[Site "Polanica Zdroj"]
[Date "2021.08.15"]
[Round "2"]
[White "Gromczak, Dariusz"]
[Black "Wziatek, Marek"]
[Result "1/2-1/2"]
[WhiteElo "1885"]
[BlackElo "1647"]
[PlyCount "123"]
[EventDate "2021.08.14"]
[EventType "swiss"]
[EventRounds "9"]
[EventCountry "POL"]
[SourceTitle "EXT 2023"]
[Source "ChessBase"]
[SourceDate "2022.10.05"]
[SourceVersion "1"]
[SourceVersionDate "2022.10.05"]
[SourceQuality "1"]

1. e4 c5 2. Nc3 Nc6 3. Bb5 g6 4. f4 Bg7 5. Nf3 e6 6. Bxc6 dxc6 7. e5 Nh6 8. Ne4 0-0 9. Nxc5 Qd5 10. d4 b6 11. Nd3 Ba6 12. 0-0 c5 13. b3 Rfd8 14. c4 Qc6 15. Qe2 Bb7 16. dxc5 bxc5 17. Ba3 Bf8 18. Rad1 Nf5 19. Rd2 Rd7 20. Rfd1 Rad8 21. Nde1 Rxd2 22. Rxd2 Rxd2 23. Qxd2 Qe4 24. Nd3 Nd4 25. Bxc5 Nxf3+ 26. gxf3 Qxf3 27. Bxf8 Kxf8 28. Ne1 Qh1+ 29. Kf2 Qxh2+ 30. Ke3 Qxd2+ 31. Kxd2 h5 32. Ke3 Ke7 33. b4 Kd7 34. Nd3 Bg2 35. Kf2 Ba8 36. a3 Kc7 37. Ke3 Kb6 38. a4 Bg2 39. a5+ Kc7 40. Kf2 Be4 41. Nc5 Bc2 42. a6 Kb6 43. Nb7 Kxa6 44. Nd6 Kb6 45. Nxf7 a5 46. bxa5+ Kxa5 47. Ng5 Bf5 48. Kg3 Kb4 49. Nf7 Kxc4 50. Nd6+ Kd4 51. Kf3 h4 52. Nb5+ Kd3 53. Nd6 Kd4 54. Nb5+ Kc4 55. Nd6+ Kd3 56. Nf7 Kd2 57. Kf2 Be4 58. Ng5 Bd5 59. Nh3 Kd3 60. Ng5 Kd4 61. Ke2 Bb3 62. Nf3+ 1/2-1/2

[Event "Polanica Zdroj op-B 56th"]
[Site "Polanica Zdroj"]
[Date "2020.08.20"]
[Round "6"]
[White "Kawula, Andrzej"]
[Black "Wziatek, Marek"]
[Result "1-0"]
[WhiteElo "1795"]
[BlackElo "1571"]
[PlyCount "65"]
[EventDate "2020.08.15"]
[EventType "swiss"]
[EventRounds "9"]
[EventCountry "POL"]
[SourceTitle "CBM 198 Extra"]
[Source "ChessBase"]
[SourceDate "2020.11.30"]
[SourceVersion "1"]
[SourceVersionDate "2020.11.30"]
[SourceQuality "1"]

1. d4 Nf6 2. c4 g6 3. Nc3 Bg7 4. e4 d6 5. f3 0-0 6. Be3 Nc6 7. Qd2 e5 8. Nge2 Ne8 9. g4 exd4 10. Nxd4 Nxd4 11. Bxd4 Bxd4 12. Qxd4 Qh4+ 13. Qf2 Qxf2+ 14. Kxf2 a5 15. Bd3 Kg7 16. h4 Be6 17. g5 f6 18. Kg3 c6 19. f4 f5 20. h5 fxe4 21. Nxe4 Bf5 22. Rae1 Rd8 23. Nf2 Rd7 24. Bxf5 gxf5 25. Re3 Nc7 26. Nd3 Rff7 27. Rhe1 Kf8 28. c5 Rfe7 29. Rxe7 Rxe7 30. Rxe7 Kxe7 31. cxd6+ Kxd6 32. g6 hxg6 33. h6 1-0

[Event "Polanica Zdroj op-B 56th"]
[Site "Polanica Zdroj"]
[Date "2020.08.17"]
[Round "3"]
[White "Wziatek, Marek"]
[Black "Kaczmarek, Piotr1111"]
[Result "1-0"]
[WhiteElo "1571"]
[BlackElo "1877"]
[PlyCount "123"]
[EventDate "2020.08.15"]
[EventType "swiss"]
[EventRounds "9"]
[EventCountry "POL"]
[SourceTitle "CBM 198 Extra"]
[Source "ChessBase"]
[SourceDate "2020.11.30"]
[SourceVersion "1"]
[SourceVersionDate "2020.11.30"]
[SourceQuality "1"]

1. c4 e6 2. Nf3 d5 3. b3 f5 4. Bb2 Nf6 5. g3 c6 6. Bg2 Bd6 7. 0-0 0-0 8. d4 Bd7 9. Nbd2 Be8 10. Ne5 Nbd7 11. Ndf3 Bh5 12. Rc1 a5 13. c5 Bc7 14. h3 Qe7 15. Nxd7 Nxd7 16. Qc2 g5 17. Ne5 Qg7 18. f4 Bxe5 19. fxe5 Bg6 20. Qd2 h6 21. Kh2 Kh7 22. a4 Qe7 23. Bc3 Qd8 24. Qe3 Qe7 25. Bd2 Qg7 26. Qf2 Qe7 27. Qe3 Qg7 28. Qf2 Qe7 29. Rh1 Kg7 30. Kg1 Rh8 31. h4 g4 32. Qe1 Qd8 33. Kh2 b6 34. cxb6 Qxb6 35. Qd1 Rhc8 36. e3 c5 37. Bf1 cxd4 38. Rxc8 Rxc8 39. exd4 Nb8 40. Bb5 Be8 41. Bxe8 Rxe8 42. Qc1 Rh8 43. Qc3 Nc6 44. Be3 Ne7 45. Qd3 Rc8 46. Rc1 Rxc1 47. Bxc1 Qb4 48. Bd2 Qb6 49. Qe3 f4 50. Qxf4 Nf5 51. Qxg4+ Kf7 52. Qf3 Qxd4 53. Bc3 Qc5 54. g4 d4 55. Bd2 Qxe5+ 56. Kg2 Ke7 57. gxf5 exf5 58. Bxh6 Ke6 59. Bf4 Qc5 60. Qd3 Qd5+ 61. Kh2 Qc5 62. Qc4+ 1-0

[Event "Polanica Zdroj op-E 56th"]
[Site "Polanica Zdroj"]
[Date "2020.08.16"]
[Round "2"]
[White "Morczynski, Ryszard"]
[Black "Wziatek, Marek"]
[Result "1-0"]
[WhiteElo "1351"]
[BlackElo "1571"]
[PlyCount "107"]
[EventDate "2020.08.15"]
[EventType "swiss"]
[EventRounds "9"]
[EventCountry "POL"]
[SourceTitle "CBM 198 Extra"]
[Source "ChessBase"]
[SourceDate "2020.11.30"]
[SourceVersion "1"]
[SourceVersionDate "2020.11.30"]
[SourceQuality "1"]

1. e4 c5 2. Nf3 Nc6 3. Bb5 d5 4. Ne5 Qd6 5. Nxc6 bxc6 6. Ba4 dxe4 7. Nc3 Nf6 8. Qe2 Bg4 9. Nxe4 Nxe4 10. Qxe4 Bd7 11. d3 Rc8 12. 0-0 Qd4 13. Re1 e6 14. Bb3 Bd6 15. Qf3 Qh4 16. g3 Qf6 17. Qxf6 gxf6 18. c4 h5 19. h4 Be5 20. Kh2 Bd4 21. Rf1 e5 22. Rb1 Bg4 23. f3 Bf5 24. Bc2 Rd8 25. Bd2 Rg8 26. Bc3 Kd7 27. Bxd4 cxd4 28. Rbe1 Rde8 29. b4 Rb8 30. a3 a5 31. b5 cxb5 32. cxb5 Rgc8 33. Ba4 Bxd3 34. b6+ Kd6 35. Rg1 Rxb6 36. Rc1 Rb2+ 37. Kh3 Rxc1 38. Rxc1 Bb5 39. Bxb5 Rxb5 40. Ra1 a4 41. g4 Rb3 42. gxh5 Rxf3+ 43. Kg4 Rf4+ 44. Kh3 Ke7 45. h6 Kf8 46. Rg1 e4 47. h7 Rf3+ 48. Kh2 Rf2+ 49. Kh1 e3 50. h8Q+ Ke7 51. Qb8 Rd2 52. Qb4+ Ke6 53. Qxd2 exd2 54. h5 1-0